| Tag |
First Indicator |
Second Indicator |
Subfields |
| LEADER |
00000cam a2200000 4500 |
| 001 |
in00000045191 |
| 005 |
20151007071129.0 |
| 008 |
760702s1962 nyua b 00000 eng d |
| 035 |
|
|
|a (OCoLC)02295497
|
| 035 |
|
|
|9 AAE5376AM
|
| 040 |
|
|
|a TOL
|c TOL
|d TXA
|d UtOrBLW
|
| 049 |
|
|
|a TXAM
|c [360505]
|
| 082 |
1 |
|
|a 530.11
|
| 090 |
|
|
|a QC6
|b .R34 1962
|
| 092 |
|
|
|a 530.11
|b R295, 1962
|
| 245 |
0 |
0 |
|a Recent developments in general relativity.
|
| 264 |
|
1 |
|a Oxford,
|a New York :
|b Pergamon Press,
|c [1962]
|
| 300 |
|
|
|a 472 pages :
|b illustrations ;
|c 25 cm.
|
| 336 |
|
|
|a text
|b txt
|2 rdacontent
|
| 337 |
|
|
|a unmediated
|b n
|2 rdamedia
|
| 338 |
|
|
|a volume
|b nc
|2 rdacarrier
|
| 500 |
|
|
|a Imprint covered by label: New York, Macmillan.
|
| 504 |
|
|
|a Includes bibliography.
|
| 650 |
|
0 |
|a Relativity (Physics)
|
| 999 |
|
|
|a MARS
|
| 999 |
f |
f |
|s 757be191-59c8-31e5-a4b3-61ebdfcfd9f4
|i e254a4bc-5643-3e76-9da5-ef12d610d656
|t 0
|
| 952 |
f |
f |
|p ric
|a Texas A&M University
|b Rellis Campus
|c Joint Library Facility
|d Remote Storage
|t 0
|e QC6 .R34 1962
|h Library of Congress classification
|i unmediated -- volume
|m A14800909659
|
| 998 |
f |
f |
|a QC6 .R34 1962
|t 0
|l Remote Storage
|